Responses for show #4597 - Tuesday, September 7, 2004

Ken Jennings game 40.

Contestants

[<< previous game]

Rich Hartz, a food bank agency coordinator from Huntsville, Alabama

Bob Watts, a poet from Taylorsville, North Carolina

Ken Jennings, a software engineer from Salt Lake City, Utah (whose 39-day cash winnings total $1,331,661)

[next game >>]

Jeopardy! Round responses

WORLD RELIGION
THE EXPERIENCE MUSIC PROJECT
GROCERY SHOPPING
THE LARGEST IN AREA
FEATHERS
THE QUEEN'S ENGLISH
    $200 4
Cacao bean

Ken
    $200 1
The Village People

Ken
    $200 21
lettuce

Bob
    $200 16
Montana

Rich
    $200 26
Yankee Doodle

Ken
    $200 11
a diaper

Rich
    $400 5
Haiti

Ken
    $400 2
Beatlemania

Triple Stumper
    $400 22
eyes

Ken
    $400 17
Wyoming

Ken
    $400 28
flock together

Rich
    $400 12
a station wagon

Ken
    $600 6
(Bob: Who is Isaiah?)

Muhammad

KenBob
    $600 3
Kiss

Bob
    $600 23
Kellogg's

Ken
    $600 18
(Bob: What is Ohio?)

Oregon

KenBob
    $600 27
an eagle

Bob
    $600 13
checkers

Rich
    $800 7
Vishnu

Ken
    $800 9
(Ken: What is Rastafarianism?)

turntablism

Ken
Triple Stumper
    $800 24
(Ken: What is that they've put it out more recently so the expiration date's longer in the future?)

because it's colder at the bottom

KenRich
    $800 19
Nevada

Ken
    $800 29
a pen

Rich
    $800 14
a wrench

Ken
    $1000 8
(Rich: What is a cameral?)

a conclave

Rich
Triple Stumper
    $1000 10
Kid Rock

Bob
    $1000 25
cantaloupe

Bob
    $1000 20
Puerto Rico

Rich
    $3,000 30
wax

Rich
    $1000 15
a club (or a nightstick)

Ken

Scores at the first commercial break (after clue 12):

Ken Bob Rich
$1,800 $1,000 -$800

Scores at the end of the Jeopardy! Round:

Ken Bob Rich
$5,800 $2,200 $6,000

Double Jeopardy! Round responses

THE WAR OF 1812
HODGEPODGE
DOC TALK
BASEBALL: THE 1930s
WHO'S THE SUBJECT?
"I" CATCHING
    $400 1
Battle of New Orleans

Rich
    $400 26
Romantic

Ken
    $400 21
(Ken: What is farsightedness?)

nearsightedness

KenRich
    $400 9
Babe Ruth

Bob
    $400 6
Lizzie Borden

Ken
    $400 16
Ireland

Ken
    $800 2
Zebulon Pike

Bob
    $800 27
a rabbit

Ken
    $800 22
a spinal tap

Ken
    $800 10
Chicago

Rich
    $800 7
F. Scott Fitzgerald

Ken
    $800 17
inertia

Ken
    $1200 3
the Constitution

Ken
    $1200 28
West Virginia

Bob
    $3,800 23
the blind spot

Ken
    $1200 11
Ted Williams

Ken
    $1200 8
Douglas MacArthur

Bob
    $1200 18
Ipanema

Rich
    $1600 4
(Bob: Who is Perry?)
(Alex: Which one?)
(Bob: Oswald.)

Oliver Hazard Perry

KenBob
    $1600 29
the Librarian of Congress

Ken
    $1600 24
the liver

Ken
    $1600 13
Dizzy Dean

Bob
    $1600 12
P.T. Barnum

Bob
    $1600 19
Indochina

Ken
    $2000 5
the Treaty of Ghent

Ken
    $2000 30
Carl Philipp Emanuel Bach

Ken
    $2000 25
physician assistants

Ken
    $2000 14
(Bob: Who was Bill Blevins?)

Johnny Van Der Meer

Bob
Triple Stumper
    $4,200 15
Winston Churchill

Bob
    $2000 20
Sergei Ilyushin

Rich

Scores at the end of the Double Jeopardy! Round:

Ken Bob Rich
$28,400 $9,600 $10,800
(lock game)

[wagering suggestions for these scores]

Final Jeopardy! Round responses

WAR MOVIES
(Alex: There are two very famous war films in this period that may have come to mind. If you've got the right one, then you would be helped in coming up with the correct response.)
BobWho is Stephen Crane?
$9,600
RichWho is J. Conrad?
$8,401
KenWho is Heller?
$6,600
Joseph Conrad

Final scores:

Ken Bob Rich
$21,800 $0 $19,201
40-day champion: $1,353,461 3rd place: $1,000 2nd place: $2,000

Game dynamics:

Coryat scores:

Ken Bob Rich
$25,800 $7,400 $8,800
31 R
(including 1 DD),
3 W
12 R
(including 1 DD),
4 W
13 R
(including 1 DD),
1 W

Combined Coryat: $42,000

The J! Archive is created by fans, for fans. The Jeopardy! game show and all elements thereof, including but not limited to copyright and trademark thereto, are the property of Jeopardy Productions, Inc. and are protected under law. This website is not affiliated with, sponsored by, or operated by Jeopardy Productions, Inc. Join the discussion at JBoard.tv.